| 000 | 00487nam a2200145 a 4500 | ||
|---|---|---|---|
| 001 | 000028013 | ||
| 005 | 20200930031258.0 | ||
| 008 | 110406s1983 dr 000 0 spa d | ||
| 040 |
_aDO-SdBNP _bspa _cBNPHU |
||
| 082 |
_axxxx _bP676 |
||
| 245 | 0 | 0 | _aPiscigranjas. |
| 260 |
_aSanto Domingo : _bSecretaría de Estado de Agricultura, Subsecretaría de Estado de Recursos Naturales, Proyecto Acuacultura : _bAsociación de Scouts Dominicano, _c1983. |
||
| 300 |
_a18 p _a28 cm. |
||
| 049 | _aBNPD | ||
| 999 |
_c27505 _d27505 |
||